Partial differential equations 1: Foundations and integral representations (Record no. 165897)

MARC details
000 -LEADER
fixed length control field 00431nam a2200157Ia 4500
008 - FIXED-LENGTH DATA ELEMENTS--GENERAL INFORMATION
fixed length control field 230917s9999||||xx |||||||||||||| ||und||
040 ## - CATALOGING SOURCE
-- 217669
Original cataloging agency VIVEKANANDA LIBRARY
041 ## - Language
-- English
082 ## - DDC NUMBER
Classification number 515.353 S89P(2)
100 ## - MAIN ENTRY--PERSONAL NAME
Personal name Sauvigny, Friedrich
245 #0 - TITLE STATEMENT
Title Partial differential equations 1: Foundations and integral representations
250 ## - EDITION STATEMENT
Edition statement 2nd ed.
260 ## - PUBLICATION, DISTRIBUTION, ETC. (IMPRINT)
Place of publication, distribution, etc London
Name of publisher, distributor, etc Springer
Date of publication, distribution, etc 2012
300 ## - PHYSICAL DESCRIPTION
Pages xv, 447 p.
942 ## - ADDED ENTRY ELEMENTS (KOHA)
Koha item type Books
Holdings
Withdrawn status Lost status Damaged status Not for loan Location (home branch) Sublocation or collection (holding branch) Date acquired Koha issues (times borrowed) Koha full call number Accession No. Koha date last seen Koha item type
        VIVEKANANDA LIBRARY VIVEKANANDA LIBRARY 25/06/2014   515.353 S89P(2) 306415 17/09/2023 Books
© Designed and Maintained by Vivekananda Library, MDU Rohtak